000 00449nam a2200169Ia 4500
008 221030s9999 xx 000 0 und d
020 _a8176352586
041 _aEnglish
082 _a105.23
_bNor
100 _aP. Norton
245 0 _aPeter Norton`s Complete Guide to Microsoft Office 2000
_cby P. Norton, J. T. Freege
260 _bTechmedia
_aNew Delhi
_c1999
300 _a792
650 _aBE Computer
700 _aJ. T. Freege
942 _cBK
999 _c7245
_d7245